[Event "España ch sub-18 2009"]
[Site "Granada ESP"]
[Date "2009.07.22"]
[Round "4.1"]
[White "Salgado Lopez, Ivan"]
[Black "Espinosa Aranda, Angel"]
[Result "1-0"]
[WhiteElo "2558"]
[BlackElo "2350"]
[PlyCount "39"]
[EventDate "2009.07.20"]
[EventType "swiss"]
[EventRounds "9"]
[EventCountry "ESP"]
[Source "lmi"]
[SourceDate "2009.07.20"]

1. e4 e6 2. d4 d5 3. Nd2 Be7 4. Bd3 Nf6 5. e5 Nfd7 6. Qg4 g6 7. Ndf3 c5 8. c3
b6 9. Ne2 Ba6 10. Bxa6 Nxa6 11. O-O Qc7 12. Bg5 Nf8 13. c4 dxc4 14. Nc3 O-O-O
15. Nb5 Qb7 16. Nd6+ Rxd6 17. exd6 Bxd6 18. dxc5 Nxc5 19. Qxc4 Kb8 20. Qd4 1-0

[Event "España ch sub-18 2009"]
[Site "Granada ESP"]
[Date "2009.07.22"]
[Round "4.2"]
[White "Pardo Simon, David"]
[Black "Alonso Rosell, Alvar"]
[Result "0-1"]
[WhiteElo "2321"]
[BlackElo "2461"]
[PlyCount "48"]
[EventDate "2009.07.20"]
[EventType "swiss"]
[EventRounds "9"]
[EventCountry "ESP"]
[Source "lmi"]
[SourceDate "2009.07.20"]

1. e4 c5 2. Nf3 d6 3. Bb5+ Nd7 4. d4 Ngf6 5. Nc3 cxd4 6. Qxd4 e5 7. Qd3 h6 8.
Be3 Be7 9. Nd2 O-O 10. Bc4 a6 11. a4 Qc7 12. O-O Nc5 13. Bxc5 Qxc5 14. Nd5 Nxd5
15. Bxd5 Be6 16. Bxb7 Rab8 17. Bxa6 Rxb2 18. Bc4 Rc8 19. Bb3 Bxb3 20. cxb3 Qb4
21. Rfd1 Bg5 22. Nf3 Qb6 23. Rf1 Rxb3 24. Rfb1 Rc1+ 0-1

[Event "España ch sub-18 2009"]
[Site "Granada ESP"]
[Date "2009.07.22"]
[Round "4.3"]
[White "Recuero Guerra, David"]
[Black "Herrera Delgado, Alejandro"]
[Result "1-0"]
[WhiteElo "2460"]
[BlackElo "2297"]
[PlyCount "53"]
[EventDate "2009.07.20"]
[EventType "swiss"]
[EventRounds "9"]
[EventCountry "ESP"]
[Source "lmi"]
[SourceDate "2009.07.20"]

1. e4 c5 2. Nf3 Nc6 3. Nc3 g6 4. d4 cxd4 5. Nxd4 Bg7 6. Be3 Nf6 7. Bc4 O-O 8.
Bb3 d6 9. f3 Bd7 10. h4 Nxd4 11. Bxd4 b5 12. h5 a5 13. hxg6 hxg6 14. a4 b4 15.
Nd5 Nxd5 16. Bxd5 Rc8 17. Qd2 Rxc2 18. Qxc2 Bxd4 19. O-O-O Qb6 20. Kb1 Bg7 21.
Bb3 Rc8 22. Qd3 Qf2 23. Qd2 Qg3 24. Rc1 Be5 25. Rxc8+ Bxc8 26. Qd5 Qf4 27. Qa8
1-0

[Event "España ch sub-18 2009"]
[Site "Granada ESP"]
[Date "2009.07.22"]
[Round "4.4"]
[White "Forcen Esteban, Daniel"]
[Black "Arribas Lopez, Angel"]
[Result "0-1"]
[WhiteElo "2308"]
[BlackElo "2429"]
[PlyCount "34"]
[EventDate "2009.07.20"]
[EventType "swiss"]
[EventRounds "9"]
[EventCountry "ESP"]
[Source "lmi"]
[SourceDate "2009.07.20"]

1. e4 c5 2. Nf3 e6 3. d4 cxd4 4. Nxd4 Nc6 5. c4 Bb4+ 6. Nc3 Nf6 7. Qd3 O-O 8.
Nxc6 dxc6 9. Bd2 Qxd3 10. Bxd3 Rd8 11. Bc2 Rd4 12. b3 e5 13. Nb1 a5 14. Bc3
Nxe4 15. Bxb4 axb4 16. O-O Nc5 17. Re1 f6 0-1

[Event "España ch sub-18 2009"]
[Site "Granada ESP"]
[Date "2009.07.22"]
[Round "4.5"]
[White "Zamarbide Inarrea, Daniel"]
[Black "Garcia Moreno, Carlos"]
[Result "1/2-1/2"]
[WhiteElo "2176"]
[BlackElo "2245"]
[PlyCount "58"]
[EventDate "2009.07.20"]
[EventType "swiss"]
[EventRounds "9"]
[EventCountry "ESP"]
[Source "lmi"]
[SourceDate "2009.07.20"]

1. e4 e5 2. Nf3 Nc6 3. Bb5 a6 4. Bxc6 dxc6 5. O-O f6 6. d4 exd4 7. Nxd4 c5 8.
Ne2 Qxd1 9. Rxd1 Bd7 10. Nbc3 O-O-O 11. Bf4 Ne7 12. f3 Re8 13. Rd2 Ng6 14. Bg3
Ne5 15. Rad1 Bd6 16. Bxe5 Rxe5 17. Nd5 Bc6 18. Ne3 Ree8 19. Nf5 Bf8 20. Nf4 b5
21. Nd5 g6 22. Nfe3 Bh6 23. Rd3 Rhf8 24. c4 f5 25. exf5 gxf5 26. b3 f4 27. Ng4
Bg7 28. Kf1 Bd4 29. Nf2 Rd8 1/2-1/2

[Event "España ch sub-18 2009"]
[Site "Granada ESP"]
[Date "2009.07.22"]
[Round "4.6"]
[White "Cabrera Trujillo, Jorge"]
[Black "Fernandez Garcia, Jose Miguel"]
[Result "1/2-1/2"]
[WhiteElo "2410"]
[BlackElo "2261"]
[PlyCount "40"]
[EventDate "2009.07.20"]
[EventType "swiss"]
[EventRounds "9"]
[EventCountry "ESP"]
[Source "lmi"]
[SourceDate "2009.07.20"]

1. e4 c5 2. Nf3 e6 3. d4 cxd4 4. Nxd4 a6 5. c4 Nf6 6. Nc3 Qc7 7. a3 Nxe4 8.
Nxe4 Qe5 9. Bd3 Qxd4 10. Be3 Qe5 11. O-O f5 12. Nc3 Bc5 13. Re1 O-O 14. Na4
Bxe3 15. Rxe3 Qc7 16. c5 Nc6 17. Nb6 Rb8 18. Be2 d5 19. Bf3 Rd8 20. Qd2 Ne5
1/2-1/2

[Event "España ch sub-18 2009"]
[Site "Granada ESP"]
[Date "2009.07.22"]
[Round "4.7"]
[White "Sanz Rodero, Mikel"]
[Black "Moreno Gracia, Daniel"]
[Result "0-1"]
[WhiteElo "2015"]
[BlackElo "2313"]
[PlyCount "48"]
[EventDate "2009.07.20"]
[EventType "swiss"]
[EventRounds "9"]
[EventCountry "ESP"]
[Source "lmi"]
[SourceDate "2009.07.20"]

1. d4 d5 2. c4 e6 3. Nc3 c6 4. e3 Nf6 5. Nf3 Nbd7 6. b3 Bb4 7. Bd2 Bd6 8. Bd3
O-O 9. O-O Re8 10. e4 e5 11. dxe5 Nxe5 12. Nxe5 Bxe5 13. exd5 cxd5 14. Qc2 Bg4
15. f3 Bh5 16. Rad1 dxc4 17. Bxc4 Qd4+ 18. Kh1 Qh4 19. g3 Bxg3 20. Bc1 Be5 21.
Bb2 Rac8 22. Qf2 Qf4 23. Na4 Bxf3+ 24. Kg1 Qg4+ 0-1

[Event "España ch sub-18 2009"]
[Site "Granada ESP"]
[Date "2009.07.22"]
[Round "4.8"]
[White "Torres Ventosa, Pedro Eugenio"]
[Black "Galan Martin, Alejandro"]
[Result "1-0"]
[WhiteElo "2135"]
[BlackElo "1961"]
[PlyCount "125"]
[EventDate "2009.07.20"]
[EventType "swiss"]
[EventRounds "9"]
[EventCountry "ESP"]
[Source "lmi"]
[SourceDate "2009.07.20"]

1. d4 e6 2. Nf3 d5 3. e3 Nf6 4. Bd3 Be7 5. O-O Nbd7 6. Nbd2 O-O 7. b3 b6 8. Bb2
Bb7 9. c4 c5 10. Ne5 Ne4 11. f4 f5 12. Nxd7 Qxd7 13. Nf3 Bf6 14. Ne5 Bxe5 15.
fxe5 Rac8 16. Qe2 Rfd8 17. Rad1 Qe8 18. Bxe4 fxe4 19. cxd5 Bxd5 20. dxc5 bxc5
21. Rc1 Rd7 22. Ba3 Rdc7 23. Qa6 h6 24. Qa5 Qe7 25. Rf4 Qg5 26. Bxc5 Qxe5 27.
b4 Qb2 28. Rcf1 Bc4 29. R4f2 Qc3 30. Bd4 Qd3 31. Qe5 Qa3 32. Rf8+ Rxf8 33.
Rxf8+ Kxf8 34. Qxc7 Bxa2 35. Qxg7+ Ke8 36. Bc5 Qc1+ 37. Kf2 Qd2+ 38. Kg3 Qe1+
39. Kh3 Kd8 40. Qxa7 Qe2 41. Qe7+ Kc8 42. Qf8+ Kb7 43. Qg7+ Kc6 44. Qxh6 Bd5
45. Qf4 Qh5+ 46. Kg3 e5 47. Qf6+ Kb5 48. h4 Qe8 49. Qf1+ Bc4 50. Qf5 Bd3 51.
Bd6 Ka4 52. h5 Qg8+ 53. Kh3 Bc4 54. Qxe5 Be6+ 55. Kh2 Qg4 56. Be7 Bc4 57. h6
Bg8 58. b5 Bh7 59. Bg5 Qh5+ 60. Kg3 Qe2 61. b6 Qe1+ 62. Kh2 Qb4 63. Qd4 1-0

[Event "España ch sub-18 2009"]
[Site "Granada ESP"]
[Date "2009.07.22"]
[Round "4.9"]
[White "Ladron De Guevara Pinto, Paolo"]
[Black "Moreno Martin, Daniel"]
[Result "0-1"]
[WhiteElo "2020"]
[BlackElo "2231"]
[PlyCount "70"]
[EventDate "2009.07.20"]
[EventType "swiss"]
[EventRounds "9"]
[EventCountry "ESP"]
[Source "lmi"]
[SourceDate "2009.07.20"]

1. e4 e6 2. Nf3 d5 3. Nc3 Nf6 4. e5 Nfd7 5. d4 c5 6. dxc5 Nc6 7. Bf4 Bxc5 8.
Bd3 f6 9. exf6 Nxf6 10. Qe2 O-O 11. O-O-O Bd7 12. Ne5 Rc8 13. g4 Nd4 14. Qd2 b5
15. Ne2 Ne4 16. Bxe4 Nxe2+ 17. Qxe2 Rxf4 18. f3 Rxe4 19. fxe4 Qg5+ 20. Kb1 Qxe5
21. Qd3 d4 22. c3 Bc6 23. Rhe1 dxc3 24. bxc3 Bb6 25. Qf3 Rf8 26. Qd3 Rd8 27.
Qxd8+ Bxd8 28. Rxd8+ Kf7 29. Rd4 Qc5 30. Kb2 e5 31. Rd2 b4 32. cxb4 Qxb4+ 33.
Kc1 Qc3+ 34. Kd1 Ba4+ 35. Ke2 Bb5+ 0-1

[Event "España ch sub-18 2009"]
[Site "Granada ESP"]
[Date "2009.07.22"]
[Round "4.10"]
[White "Coll Ortega, Jordi"]
[Black "Millan Soto, Miguel"]
[Result "0-1"]
[WhiteElo "2213"]
[BlackElo "2014"]
[PlyCount "104"]
[EventDate "2009.07.20"]
[EventType "swiss"]
[EventRounds "9"]
[EventCountry "ESP"]
[Source "lmi"]
[SourceDate "2009.07.20"]

1. c4 Nf6 2. g3 g6 3. Bg2 Bg7 4. Nc3 O-O 5. d4 d6 6. Nf3 Nc6 7. O-O e5 8. d5
Ne7 9. e4 Ne8 10. b4 f5 11. Ne1 Nf6 12. f3 a5 13. bxa5 Rxa5 14. a4 fxe4 15.
fxe4 c5 16. dxc6 bxc6 17. Ba3 c5 18. Nb5 Ra6 19. Ra2 Bh6 20. Qd3 Ng4 21. Re2
Rxa4 22. h3 Nf6 23. Nxd6 Rxa3 24. Qxa3 Qxd6 25. Kh2 Be6 26. Rc2 Nc6 27. Qa6 Ne8
28. Rxf8+ Bxf8 29. Rb2 Nb4 30. Qb5 Nc7 31. Qb7 Bxc4 32. Nf3 Ba6 33. Qa7 Nb5 34.
Qa8 Qc6 35. Qb8 Qc7 36. Qe8 Qc8 37. Qxc8 Bxc8 38. Nxe5 Bg7 39. Rd2 Nd4 40. Nd3
Nxd3 41. Rxd3 Be6 42. Ra3 Be5 43. Bf1 c4 44. Ra5 c3 45. Kg2 Nb3 46. Ra8+ Kg7
47. Bd3 Nc5 48. Bc2 Bb3 49. Bxb3 Nxb3 50. Rc8 Na1 51. Kf2 c2 52. Ke2 Bxg3 0-1

[Event "España ch sub-18 2009"]
[Site "Granada ESP"]
[Date "2009.07.22"]
[Round "4.11"]
[White "Gutierrez Valero, Mario"]
[Black "Diaz Herrero, Alvaro"]
[Result "1/2-1/2"]
[WhiteElo "2024"]
[BlackElo "2187"]
[PlyCount "82"]
[EventDate "2009.07.20"]
[EventType "swiss"]
[EventRounds "9"]
[EventCountry "ESP"]
[Source "lmi"]
[SourceDate "2009.07.20"]

1. d4 Nf6 2. c4 Nc6 3. Nf3 e6 4. g3 Bb4+ 5. Bd2 Qe7 6. Nc3 O-O 7. Bg2 Bxc3 8.
Bxc3 Ne4 9. Qc2 Nxc3 10. Qxc3 a5 11. O-O d6 12. Rfd1 e5 13. d5 Nb8 14. c5 Bg4
15. Rac1 Nd7 16. cxd6 cxd6 17. b3 b5 18. a3 a4 19. bxa4 Rxa4 20. Qc7 Rxa3 21.
Rc6 b4 22. Rxd6 Ra7 23. Qxa7 Qxd6 24. Qe3 Bxf3 25. Bxf3 Rb8 26. Rc1 b3 27. Qc3
b2 28. Rb1 Qb4 29. Qc7 Qc5 30. d6 Qxc7 31. dxc7 Rc8 32. Rxb2 Rxc7 33. Bg4 Nf8
34. Kg2 g6 35. Bf3 Kg7 36. Bd5 Nd7 37. e4 f5 38. exf5 gxf5 39. Be6 Kf6 40. Bxd7
Rxd7 41. Rb6+ Kg7 1/2-1/2

[Event "España ch sub-18 2009"]
[Site "Granada ESP"]
[Date "2009.07.22"]
[Round "4.12"]
[White "Gil Quilez, David"]
[Black "Castellanos Mendoza, David"]
[Result "1-0"]
[WhiteElo "2163"]
[BlackElo "2002"]
[PlyCount "91"]
[EventDate "2009.07.20"]
[EventType "swiss"]
[EventRounds "9"]
[EventCountry "ESP"]
[Source "lmi"]
[SourceDate "2009.07.20"]

1. e4 c5 2. Nf3 Nc6 3. d4 cxd4 4. Nxd4 e5 5. Nb5 a6 6. Nd6+ Bxd6 7. Qxd6 Qf6 8.
Qxf6 Nxf6 9. Nc3 d5 10. exd5 Nb4 11. Bd3 Nfxd5 12. Nxd5 Nxd5 13. O-O O-O 14.
Re1 f6 15. a3 Rd8 16. Bd2 b6 17. Rad1 Bd7 18. c4 Nc7 19. Be3 Rab8 20. f4 Ba4
21. Rd2 Re8 22. fxe5 Rxe5 23. Bf2 Rxe1+ 24. Bxe1 Ne6 25. Bf5 Nc5 26. b4 Re8 27.
Bf2 Ne4 28. Re2 Nxf2 29. Rxe8+ Bxe8 30. Kxf2 Bc6 31. g3 g6 32. Bc8 a5 33. bxa5
bxa5 34. Ke3 Kf8 35. Kd4 Ke7 36. Kc5 Bg2 37. Kb6 Kd8 38. Bb7 Bh3 39. c5 g5 40.
Bf3 Bc8 41. Kc6 f5 42. Kd6 h6 43. Bh5 a4 44. c6 Ba6 45. c7+ Kc8 46. Be8 1-0

[Event "España ch sub-18 2009"]
[Site "Granada ESP"]
[Date "2009.07.22"]
[Round "4.13"]
[White "Remoli Sargues, Lidia"]
[Black "Arauz Alonso, Fernando"]
[Result "1/2-1/2"]
[WhiteElo "2002"]
[BlackElo "2155"]
[PlyCount "50"]
[EventDate "2009.07.20"]
[EventType "swiss"]
[EventRounds "9"]
[EventCountry "ESP"]
[Source "lmi"]
[SourceDate "2009.07.20"]

1. d4 Nf6 2. c4 c6 3. Nc3 d5 4. e3 e6 5. Nf3 Be7 6. Qc2 O-O 7. Be2 Nbd7 8. O-O
b6 9. e4 Nxe4 10. Nxe4 dxe4 11. Qxe4 Bb7 12. Rd1 Nf6 13. Qh4 Ne8 14. Bg5 Bxg5
15. Qxg5 Nc7 16. Qe3 Qe7 17. Ne5 f6 18. Nd3 Rad8 19. Bf3 Rfe8 20. Nf4 e5 21.
dxe5 Rxd1+ 22. Rxd1 fxe5 23. Ne2 Na6 24. Nc3 Nc5 25. b4 e4 1/2-1/2

[Event "España ch sub-18 2009"]
[Site "Granada ESP"]
[Date "2009.07.22"]
[Round "4.14"]
[White "Rioboo De Larriva, Alvaro"]
[Black "Calle Moreau, Jose Domingo"]
[Result "1-0"]
[WhiteElo "2150"]
[BlackElo "1987"]
[PlyCount "89"]
[EventDate "2009.07.20"]
[EventType "swiss"]
[EventRounds "9"]
[EventCountry "ESP"]
[Source "lmi"]
[SourceDate "2009.07.20"]

1. e4 c5 2. Nc3 Nc6 3. Bb5 Nd4 4. Bc4 g6 5. Nf3 Bg7 6. Nxd4 cxd4 7. Qf3 e6 8.
Nb5 d6 9. Qg3 e5 10. Qb3 Nh6 11. d3 O-O 12. Qa3 a6 13. Nxd6 b5 14. Bd5 Rb8 15.
Nxc8 Qxc8 16. Bd2 Ng4 17. h3 Nf6 18. Bb3 Nd7 19. Rc1 Rb6 20. c3 Nc5 21. Ke2 Ne6
22. Bxe6 Qxe6 23. Qb3 f5 24. Qxe6+ Rxe6 25. exf5 Rxf5 26. f3 Rf8 27. cxd4 exd4+
28. Kf2 Rfe8 29. Rhe1 Rxe1 30. Rxe1 Rc8 31. Rc1 Rxc1 32. Bxc1 Kf7 33. f4 Ke6
34. Kf3 Kd5 35. Bd2 Bf8 36. Kg4 Ke6 37. Kg5 Bg7 38. Be1 Bf8 39. g4 b4 40. b3 a5
41. f5+ Kf7 42. fxg6+ hxg6 43. Kf4 Ke6 44. Ke4 Bc5 45. Bf2 1-0

[Event "España ch sub-18 2009"]
[Site "Granada ESP"]
[Date "2009.07.22"]
[Round "4.15"]
[White "Hernandez Leon, Sergio"]
[Black "Gimenez Menchon, Cesar"]
[Result "1-0"]
[WhiteElo "2143"]
[BlackElo "1978"]
[PlyCount "95"]
[EventDate "2009.07.20"]
[EventType "swiss"]
[EventRounds "9"]
[EventCountry "ESP"]
[Source "lmi"]
[SourceDate "2009.07.20"]

1. d4 Nf6 2. Bg5 c6 3. Nd2 d5 4. e3 Qb6 5. Qc1 Bf5 6. Ngf3 Nbd7 7. h3 h6 8. Bf4
e6 9. Be2 Be7 10. b3 c5 11. c4 Rc8 12. Qb2 Ne4 13. Nxe4 dxe4 14. Ne5 Qb4+ 15.
Qd2 Qxd2+ 16. Kxd2 Nxe5 17. Bxe5 cxd4 18. Bxd4 a6 19. g4 Rd8 20. Kc3 Bg6 21.
Bxg7 Rg8 22. Bd4 Bh4 23. f3 exf3 24. Bxf3 e5 25. Bb6 Rd3+ 26. Kb4 e4 27. Bd1
Bf6 28. Rc1 Ke7 29. h4 Rc8 30. a4 Ke6 31. h5 Bh7 32. Rh2 Be7+ 33. Ka5 Bd8 34.
b4 Rxe3 35. Re2 Rd3 36. Bc2 Rd4 37. Bxd8 Rcxd8 38. c5 Ke5 39. Rf1 f5 40. gxf5
Bxf5 41. b5 axb5 42. axb5 Rd2 43. Rxf5+ Kxf5 44. Bxe4+ Kg5 45. Rxd2 Rxd2 46.
Bxb7 Kxh5 47. c6 Rc2 48. Kb6 1-0

[Event "España ch sub-18 2009"]
[Site "Granada ESP"]
[Date "2009.07.22"]
[Round "4.16"]
[White "Anaya Lopez, Victor Jose"]
[Black "Moral Garcia, Serafin"]
[Result "1-0"]
[WhiteElo "2142"]
[BlackElo "1976"]
[PlyCount "101"]
[EventDate "2009.07.20"]
[EventType "swiss"]
[EventRounds "9"]
[EventCountry "ESP"]
[Source "lmi"]
[SourceDate "2009.07.20"]

1. e4 e5 2. Bc4 Nf6 3. d3 Nc6 4. Nf3 Bc5 5. c3 d6 6. O-O a6 7. b4 Ba7 8. h3 h6
9. Re1 g5 10. Nh2 Rg8 11. Qf3 Qe7 12. g4 Be6 13. Nd2 Rg6 14. a3 Nd7 15. Qd1 Rf6
16. Re2 Nf8 17. Ndf1 Ng6 18. Ng3 Nf4 19. Bxf4 gxf4 20. Nf5 Bxf5 21. gxf5 h5 22.
Kh1 Kd7 23. Qg1 Rh8 24. Qg7 Rhh6 25. Nf3 Ke8 26. Rg1 Qf8 27. Qg5 Qe7 28. Bd5
Nd8 29. d4 Rh8 30. dxe5 dxe5 31. Rd1 c6 32. Bb3 Bb8 33. Red2 Rd6 34. Qg7 Rhh6
35. Ng5 Rxd2 36. Rxd2 Rd6 37. Rxd6 Bxd6 38. f6 Qd7 39. Qh8+ Bf8 40. Qxh5 Qd3
41. Kg2 Qxc3 42. Bxf7+ Kd7 43. Be8+ Kc8 44. Nf3 Qxa3 45. Qf5+ Kb8 46. Qd7 Qxb4
47. Qxd8+ Ka7 48. Bg6 a5 49. Nxe5 a4 50. Nd7 Bd6 51. e5 1-0

[Event "España ch sub-18 2009"]
[Site "Granada ESP"]
[Date "2009.07.22"]
[Round "5.1"]
[White "Arribas Lopez, Angel"]
[Black "Salgado Lopez, Ivan"]
[Result "1/2-1/2"]
[WhiteElo "2429"]
[BlackElo "2558"]
[PlyCount "22"]
[EventDate "2009.07.20"]
[EventType "swiss"]
[EventRounds "9"]
[EventCountry "ESP"]
[Source "lmi"]
[SourceDate "2009.07.20"]

1. e4 c6 2. d4 d5 3. f3 e6 4. Nc3 Bb4 5. a3 Bxc3+ 6. bxc3 dxe4 7. Qe2 Qa5 8.
Bd2 exf3 9. Nxf3 Nf6 10. Qe3 b6 11. Ne5 Qd5 1/2-1/2

[Event "España ch sub-18 2009"]
[Site "Granada ESP"]
[Date "2009.07.22"]
[Round "5.2"]
[White "Alonso Rosell, Alvar"]
[Black "Recuero Guerra, David"]
[Result "1/2-1/2"]
[WhiteElo "2461"]
[BlackElo "2460"]
[PlyCount "25"]
[EventDate "2009.07.20"]
[EventType "swiss"]
[EventRounds "9"]
[EventCountry "ESP"]
[Source "lmi"]
[SourceDate "2009.07.20"]

1. d4 Nf6 2. c4 e6 3. Nc3 Bb4 4. Qc2 d5 5. cxd5 Qxd5 6. e3 e5 7. Bd2 Bxc3 8.
Bxc3 exd4 9. Bxd4 Nc6 10. Bxf6 gxf6 11. Ne2 Bf5 12. Qc3 O-O-O 13. Nf4 1/2-1/2

[Event "España ch sub-18 2009"]
[Site "Granada ESP"]
[Date "2009.07.22"]
[Round "5.3"]
[White "Garcia Moreno, Carlos"]
[Black "Torres Ventosa, Pedro Eugenio"]
[Result "1-0"]
[WhiteElo "2245"]
[BlackElo "2135"]
[PlyCount "77"]
[EventDate "2009.07.20"]
[EventType "swiss"]
[EventRounds "9"]
[EventCountry "ESP"]
[Source "lmi"]
[SourceDate "2009.07.20"]

1. e4 d6 2. d4 Nf6 3. Nc3 e5 4. Nf3 Nbd7 5. Bc4 Be7 6. O-O O-O 7. Re1 c6 8. a4
b6 9. d5 cxd5 10. Nxd5 Nxd5 11. Bxd5 Rb8 12. c4 Nf6 13. Nd2 Nxd5 14. cxd5 f5
15. f3 f4 16. Nc4 Ba6 17. b3 Rc8 18. Qc2 Rf6 19. Ba3 Rh6 20. Re2 Bf8 21. Bb4
Rc7 22. Rc1 Rf7 23. a5 Rff6 24. axb6 axb6 25. Be1 Rfg6 26. Qa2 Bc8 27. Qa8 Qd7
28. Nxe5 Qh3 29. Rf2 Qxh2+ 30. Kf1 Ba6+ 31. Qxa6 Qh1+ 32. Ke2 dxe5 33. Rc8 Rxg2
34. Rxf8+ Kxf8 35. Qc8+ Kf7 36. Qd7+ Kf6 37. Qe6+ Kg5 38. Qf5+ Kh4 39. Rxg2+
1-0

[Event "España ch sub-18 2009"]
[Site "Granada ESP"]
[Date "2009.07.22"]
[Round "5.4"]
[White "Moreno Gracia, Daniel"]
[Black "Cabrera Trujillo, Jorge"]
[Result "0-1"]
[WhiteElo "2313"]
[BlackElo "2410"]
[PlyCount "64"]
[EventDate "2009.07.20"]
[EventType "swiss"]
[EventRounds "9"]
[EventCountry "ESP"]
[Source "lmi"]
[SourceDate "2009.07.20"]

1. c4 e5 2. Nc3 Nf6 3. Nf3 Nc6 4. a3 d5 5. cxd5 Nxd5 6. Qc2 Nxc3 7. bxc3 Bd6 8.
d4 O-O 9. e3 Qe7 10. Be2 Re8 11. O-O b6 12. Bb2 Bb7 13. Rfe1 e4 14. Nd2 Na5 15.
c4 Qg5 16. d5 Qg6 17. Bc3 Bc8 18. Bxa5 bxa5 19. c5 Be5 20. Rad1 Bh3 21. Bf1 Bg4
22. Be2 Bxh2+ 23. Kxh2 Bxe2 24. Rc1 Bd3 25. Qb3 Rab8 26. Qc3 Qh5+ 27. Kg1 Qxd5
28. Qxa5 Qc6 29. Nc4 Rb5 30. Qxa7 Bxc4 31. Rxc4 Ra8 32. Rd4 h6 0-1

[Event "España ch sub-18 2009"]
[Site "Granada ESP"]
[Date "2009.07.22"]
[Round "5.5"]
[White "Espinosa Aranda, Angel"]
[Black "Rioboo De Larriva, Alvaro"]
[Result "1-0"]
[WhiteElo "2350"]
[BlackElo "2150"]
[PlyCount "43"]
[EventDate "2009.07.20"]
[EventType "swiss"]
[EventRounds "9"]
[EventCountry "ESP"]
[Source "lmi"]
[SourceDate "2009.07.20"]

1. e4 c5 2. Nf3 g6 3. d4 cxd4 4. Nxd4 Nc6 5. Nc3 Bg7 6. Be3 Nf6 7. Bc4 Qa5 8.
O-O O-O 9. Bb3 d6 10. Nd5 Re8 11. Nxf6+ Bxf6 12. c3 Bd7 13. f4 Rac8 14. Nf3
Rcd8 15. Qe2 Qh5 16. Rad1 b5 17. Rd5 g5 18. fxg5 Be5 19. Qf2 a6 20. Nxe5 Nxe5
21. Rxe5 e6 22. g6 1-0

[Event "España ch sub-18 2009"]
[Site "Granada ESP"]
[Date "2009.07.22"]
[Round "5.6"]
[White "Hernandez Leon, Sergio"]
[Black "Pardo Simon, David"]
[Result "0-1"]
[WhiteElo "2143"]
[BlackElo "2321"]
[PlyCount "72"]
[EventDate "2009.07.20"]
[EventType "swiss"]
[EventRounds "9"]
[EventCountry "ESP"]
[Source "lmi"]
[SourceDate "2009.07.20"]

1. d4 Nf6 2. c4 e6 3. Nc3 Bb4 4. Qc2 O-O 5. a3 Bxc3+ 6. Qxc3 b6 7. Bg5 Bb7 8.
f3 h6 9. Bh4 d6 10. e3 Nbd7 11. Bd3 Qe7 12. e4 e5 13. d5 Rfe8 14. Bf2 c5 15. g4
Nf8 16. Ne2 Ng6 17. h4 h5 18. g5 Nd7 19. Be3 Ngf8 20. Kd2 g6 21. Raf1 Nh7 22.
Rhg1 Qf8 23. Ng3 Qg7 24. Rg2 Kh8 25. f4 exf4 26. Bxf4 Ne5 27. Bxe5 Rxe5 28.
Rgf2 Rf8 29. Kc2 f6 30. gxf6 Rxf6 31. Qd2 Bc8 32. Rxf6 Nxf6 33. Qf2 Nh7 34. Be2
Qe7 35. Qf7 Qxh4 36. Qxg6 Rg5 0-1

[Event "España ch sub-18 2009"]
[Site "Granada ESP"]
[Date "2009.07.22"]
[Round "5.7"]
[White "Anaya Lopez, Victor Jose"]
[Black "Forcen Esteban, Daniel"]
[Result "0-1"]
[WhiteElo "2142"]
[BlackElo "2308"]
[PlyCount "50"]
[EventDate "2009.07.20"]
[EventType "swiss"]
[EventRounds "9"]
[EventCountry "ESP"]
[Source "lmi"]
[SourceDate "2009.07.20"]

1. e4 c5 2. Nf3 d6 3. d4 Nf6 4. Nc3 cxd4 5. Nxd4 a6 6. Bg5 Nbd7 7. f4 Qc7 8.
Qe2 e6 9. O-O-O h6 10. Bh4 b5 11. Nd5 exd5 12. exd5+ Be7 13. Nc6 Nb8 14. Bxf6
Nxc6 15. dxc6 gxf6 16. g4 d5 17. f5 Qxc6 18. Bg2 Qc7 19. Bxd5 Ra7 20. Rhe1 O-O
21. Kb1 Kg7 22. h4 Qf4 23. Rf1 Qe5 24. Qf2 Rd7 25. Rfe1 Rxd5 0-1

[Event "España ch sub-18 2009"]
[Site "Granada ESP"]
[Date "2009.07.22"]
[Round "5.8"]
[White "Herrera Delgado, Alejandro"]
[Black "Guadamuro Torrente, Anabel"]
[Result "1/2-1/2"]
[WhiteElo "2297"]
[BlackElo "2136"]
[PlyCount "76"]
[EventDate "2009.07.20"]
[EventType "swiss"]
[EventRounds "9"]
[EventCountry "ESP"]
[Source "lmi"]
[SourceDate "2009.07.20"]

1. e4 e5 2. Nf3 Nc6 3. Bb5 Nf6 4. d3 d6 5. O-O g6 6. d4 Bd7 7. Re1 Bg7 8. d5
Ne7 9. Bxd7+ Nxd7 10. Be3 O-O 11. c4 h6 12. Nfd2 f5 13. f3 g5 14. Nc3 Nf6 15.
b4 Qd7 16. Kh1 g4 17. fxg4 Nxg4 18. Bg1 f4 19. c5 Ng6 20. Nf3 h5 21. Rc1 Ne3
22. Bxe3 fxe3 23. Ng5 Nf4 24. g3 Nh3 25. Qxh5 Nxg5 26. Qxg5 Qh3 27. Qh4 Qxh4
28. gxh4 Bh6 29. Rf1 e2 30. Rxf8+ Rxf8 31. Rg1+ Kh7 32. Nxe2 Rf2 33. cxd6 cxd6
34. Rg2 Rf1+ 35. Rg1 Rf2 36. Rg2 Rf1+ 37. Rg1 Rf2 38. Rg2 Rf1+ 1/2-1/2

[Event "España ch sub-18 2009"]
[Site "Granada ESP"]
[Date "2009.07.22"]
[Round "5.9"]
[White "Fernandez Garcia, Jose Miguel"]
[Black "Bujosa Ribas, Joan"]
[Result "1-0"]
[WhiteElo "2261"]
[BlackElo "2045"]
[PlyCount "91"]
[EventDate "2009.07.20"]
[EventType "swiss"]
[EventRounds "9"]
[EventCountry "ESP"]
[Source "lmi"]
[SourceDate "2009.07.20"]

1. e4 d5 2. exd5 Qxd5 3. Nc3 Qa5 4. Bc4 Nf6 5. d3 Bf5 6. Bd2 c6 7. h3 e6 8. Qe2
Nbd7 9. g4 Bg6 10. f4 Be7 11. Nd5 Qd8 12. Nxe7 Qxe7 13. O-O-O Kd8 14. Nf3 Re8
15. Rhe1 Qf8 16. Ne5 Kc7 17. Qf3 Nxe5 18. Rxe5 Nd7 19. Re2 h6 20. Rde1 Bh7 21.
d4 Nb6 22. Bb3 Rad8 23. a3 Rxd4 24. f5 e5 25. Bc3 e4 26. Qg3+ Qd6 27. Qg1 Qf4+
28. Qe3 Qxe3+ 29. Rxe3 Rd7 30. Bxg7 h5 31. Rxe4 Rg8 32. Be5+ Kd8 33. Bf6+ Kc7
34. Re8 Rxe8 35. Rxe8 Nd5 36. Bxd5 Rxd5 37. Re7+ Rd7 38. Rxd7+ Kxd7 39. Kd2
hxg4 40. hxg4 Ke8 41. Ke3 Kd7 42. Kf4 Ke8 43. Kg5 Kf8 44. Kh6 Bg8 45. a4 b6 46.
b4 1-0

[Event "España ch sub-18 2009"]
[Site "Granada ESP"]
[Date "2009.07.22"]
[Round "5.10"]
[White "Moreno Martin, Daniel"]
[Black "Garcia Salamero, Gabriel"]
[Result "1/2-1/2"]
[WhiteElo "2231"]
[BlackElo "2034"]
[PlyCount "95"]
[EventDate "2009.07.20"]
[EventType "swiss"]
[EventRounds "9"]
[EventCountry "ESP"]
[Source "lmi"]
[SourceDate "2009.07.20"]

1. e4 e5 2. Nf3 Nf6 3. Nxe5 d6 4. Nf3 Nxe4 5. Nc3 Nxc3 6. dxc3 Be7 7. Bf4 Nd7
8. Qd2 Nc5 9. O-O-O O-O 10. Be3 Bf6 11. Bxc5 dxc5 12. Qf4 Qe7 13. Bc4 Be6 14.
Rhe1 Rfe8 15. Bxe6 fxe6 16. Re2 Rad8 17. Rde1 Rd6 18. g4 g6 19. g5 Bg7 20. h4
Rf8 21. Qe3 b5 22. Rd2 b4 23. cxb4 cxb4 24. Rde2 Qd7 25. Ne5 Qa4 26. Qb3 Qxb3
27. cxb3 Bxe5 28. Rxe5 Rxf2 29. Rxe6 Rxe6 30. Rxe6 Rf1+ 31. Kc2 Rf2+ 32. Kd3
Rxb2 33. Ra6 Rh2 34. Rxa7 Rh3+ 35. Kc2 Rxh4 36. Rxc7 Rh2+ 37. Kb1 Rh1+ 38. Kb2
Rh2+ 39. Kb1 Rg2 40. Rc5 Rg1+ 41. Kc2 Rg2+ 42. Kd3 Rxa2 43. Kc4 h5 44. gxh6 Kh7
45. Kxb4 Kxh6 46. Kb5 g5 47. b4 g4 48. Kc6 1/2-1/2